[Event "Turin Piemonte op 9th"]
[Site "Turin"]
[Date "2009.09.19"]
[Round "2"]
[White "Rombaldoni, Brian"]
[Black "Xia, Jie"]
[Result "0-1"]
[WhiteElo "1869"]
[BlackElo "2241"]
[PlyCount "50"]
[EventDate "2009.09.18"]
[EventType "swiss"]
[EventRounds "5"]
[EventCountry "ITA"]
[SourceTitle "EXT 2012"]
[Source "ChessBase"]
[SourceDate "2011.11.24"]
[SourceVersion "1"]
[SourceVersionDate "2011.11.24"]
[SourceQuality "1"]

1. b3 e5 2. Bb2 Nc6 3. e3 Nf6 4. Bb5 Qe7 5. Ne2 a6 6. Bxc6 dxc6 7. 0-0 Bg4 8. f3 Bd7 9. f4 exf4 10. Nxf4 0-0-0 11. Nh5 Nxh5 12. Qxh5 f5 13. Qe2 Rg8 14. Nc3 Qg5 15. Kh1 Bd6 16. Qf2 Qh6 17. g3 g5 18. Ne2 c5 19. d4 Bc6+ 20. Kg1 Rdf8 21. dxc5 Bxc5 22. Nd4 Be4 23. Rad1 f4 24. Bc1 Qh3 25. exf4 gxf4 0-1

[Event "ITA-ch U20"]
[Site "Castione"]
[Date "2009.08.24"]
[Round "4"]
[White "Valbusa, Lorenzo"]
[Black "Rombaldoni, Brian"]
[Result "0-1"]
[WhiteElo "1749"]
[BlackElo "1831"]
[PlyCount "74"]
[EventDate "2009.08.21"]
[EventType "swiss"]
[EventRounds "9"]
[EventCountry "ITA"]
[SourceTitle "EXT 2011"]
[Source "ChessBase"]
[SourceDate "2010.11.26"]
[SourceVersion "1"]
[SourceVersionDate "2010.11.26"]
[SourceQuality "1"]

1. e4 c6 2. d4 d5 3. Nc3 dxe4 4. Nxe4 Nd7 5. Nf3 Ngf6 6. Nc3 Nb6 7. Be3 Bg4 8. h3 Bh5 9. g4 Bg6 10. Bd3 e6 11. Ne5 Bxd3 12. Qxd3 Nfd5 13. Bd2 Nb4 14. Qe4 N6d5 15. Rc1 Qc7 16. a3 Nxc3 17. Bxc3 Na2 18. Ra1 Nxc3 19. bxc3 Bd6 20. 0-0 Bxe5 21. Qxe5 Qxe5 22. dxe5 0-0-0 23. Rad1 Rxd1 24. Rxd1 Rd8 25. Rd3 Rd5 26. Rxd5 cxd5 27. Kf1 Kc7 28. Ke2 Kc6 29. Kd3 Kb5 30. Kd4 g5 31. c4+ dxc4 32. c3 a5 33. a4+ Kxa4 34. Kxc4 b5+ 35. Kd4 b4 36. c4 b3 37. Kc3 Ka3 0-1

[Event "ITA-ch U20"]
[Site "Castione"]
[Date "2009.08.22"]
[Round "2"]
[White "De Nardi, Riccardo"]
[Black "Rombaldoni, Brian"]
[Result "1-0"]
[WhiteElo "2077"]
[BlackElo "1831"]
[PlyCount "57"]
[EventDate "2009.08.21"]
[EventType "swiss"]
[EventRounds "9"]
[EventCountry "ITA"]
[SourceTitle "EXT 2011"]
[Source "ChessBase"]
[SourceDate "2010.11.26"]
[SourceVersion "1"]
[SourceVersionDate "2010.11.26"]
[SourceQuality "1"]

1. d4 c6 2. Nf3 d5 3. Bf4 Nf6 4. e3 Bg4 5. Be2 e6 6. 0-0 Bd6 7. Ne5 Bxe2 8. Qxe2 0-0 9. Nd2 Qc7 10. c4 Nbd7 11. Nxd7 Nxd7 12. Bxd6 Qxd6 13. c5 Qc7 14. b4 e5 15. dxe5 Nxe5 16. e4 Rad8 17. f4 Ng6 18. f5 Ne5 19. f6 gxf6 20. Rxf6 Ng6 21. Rf5 Qd7 22. Raf1 Rde8 23. Qd3 Re5 24. h4 Rxf5 25. exf5 Ne7 26. f6 Ng6 27. h5 Ne5 28. Qg3+ Ng4 29. Rf4 1-0

[Event "ITA-ch U20"]
[Site "Bratto"]
[Date "2008.08.28"]
[Round "7"]
[White "Cuppone, Damiano"]
[Black "Rombaldoni, Brian"]
[Result "1-0"]
[WhiteElo "1921"]
[BlackElo "1797"]
[PlyCount "103"]
[EventDate "2008.08.22"]
[EventType "swiss"]
[EventRounds "9"]
[EventCountry "ITA"]
[SourceTitle "CBM 126 Extra"]
[Source "ChessBase"]
[SourceDate "2008.11.05"]
[SourceVersion "1"]
[SourceVersionDate "2008.11.05"]
[SourceQuality "1"]

1. d4 c6 2. c4 d5 3. Nf3 Nf6 4. Nc3 Bf5 5. Qb3 Qb6 6. c5 Qc7 7. g3 e6 8. Bf4 Qc8 9. h3 h6 10. g4 Bg6 11. Qd1 Ne4 12. Rc1 b5 13. Ne5 Bh7 14. Bg2 Nxc3 15. Rxc3 Nd7 16. Nd3 g5 17. Bc1 Bg7 18. e3 0-0 19. 0-0 e5 20. Ne1 a5 21. a3 Rb8 22. b4 axb4 23. axb4 Ra8 24. Bb2 Ra4 25. Rb3 exd4 26. Bxd4 Bxd4 27. Qxd4 Re8 28. Nd3 Be4 29. f3 Bxd3 30. Qxd3 Ne5 31. Qd4 Nc4 32. f4 gxf4 33. exf4 Qe6 34. Kh2 Qe2 35. Rf2 Qe1 36. Rf1 Qe2 37. Rf2 Qe1 38. Rf1 Qh4 39. Rg3 Rxb4 40. g5 hxg5 41. Rxg5+ Kf8 42. Qg7+ Ke7 43. Rg4 Qh8 44. Re1+ Kd8 45. Rxe8+ Qxe8 46. Qh7 Qe6 47. Rg8+ Kd7 48. Qh8 Qe7 49. Rb8 Qe3 50. Qf6 Qxc5 51. Qxf7+ Qe7 52. Rb7+ 1-0

[Event "Bratto op-B 27th"]
[Site "Bratto"]
[Date "2007.08.28"]
[Round "5"]
[White "Rombaldoni, Brian"]
[Black "Melone, Antonio"]
[Result "1-0"]
[WhiteElo "1812"]
[BlackElo "1704"]
[PlyCount "101"]
[EventDate "2007.08.24"]
[EventType "swiss"]
[EventRounds "8"]
[EventCountry "ITA"]
[SourceTitle "CBM 120 Extra"]
[Source "ChessBase"]
[SourceDate "2007.11.01"]
[SourceVersion "1"]
[SourceVersionDate "2007.11.01"]
[SourceQuality "1"]

1. d4 Nf6 2. Nf3 c5 3. c3 e6 4. Bf4 Be7 5. e3 0-0 6. Be2 d5 7. 0-0 Nbd7 8. h3 b6 9. Nbd2 Bb7 10. Ne5 Rc8 11. Ndf3 Ne4 12. Qa4 Nxe5 13. Nxe5 f6 14. Nf3 a6 15. Qc2 Bd6 16. Bxd6 Qxd6 17. Rad1 Qc7 18. c4 Rfe8 19. cxd5 exd5 20. dxc5 bxc5 21. b3 Rcd8 22. Rc1 Qb6 23. Bd3 Rc8 24. Rfd1 Kh8 25. Be2 d4 26. exd4 cxd4 27. Bc4 Rcd8 28. Qb2 Nc3 29. Rxd4 Rxd4 30. Nxd4 Qxd4 31. Qxc3 Qe4 32. f3 Qc6 33. Qd2 Qb6+ 34. Qf2 Qa5 35. a4 Qg5 36. Re1 Rd8 37. Qe3 Qxe3+ 38. Rxe3 h6 39. Re7 Rb8 40. Re6 a5 41. Rb6 Kh7 42. Bd3+ g6 43. Be4 Bxe4 44. Rxb8 Bc2 45. b4 axb4 46. Rxb4 Kg7 47. a5 Bd3 48. Rb6 Bc4 49. a6 Bd5 50. a7 Kf7 51. Rb8 1-0

[Event "Bratto op-B 27th"]
[Site "Bratto"]
[Date "2007.08.25"]
[Round "2"]
[White "Rombaldoni, Brian"]
[Black "Tonel, Giulia"]
[Result "0-1"]
[WhiteElo "1812"]
[BlackElo "1934"]
[PlyCount "64"]
[EventDate "2007.08.24"]
[EventType "swiss"]
[EventRounds "8"]
[EventCountry "ITA"]
[SourceTitle "CBM 120 Extra"]
[Source "ChessBase"]
[SourceDate "2007.11.01"]
[SourceVersion "1"]
[SourceVersionDate "2007.11.01"]
[SourceQuality "1"]

1. d4 Nf6 2. Nf3 e6 3. Bf4 b6 4. e3 Bb7 5. Nbd2 Be7 6. Bd3 c5 7. 0-0 0-0 8. c4 d5 9. b3 Nbd7 10. Ne5 Ne4 11. Nxd7 Qxd7 12. Nf3 f6 13. dxc5 Nxc5 14. Bc2 e5 15. Nxe5 fxe5 16. Qh5 e4 17. Rad1 g6 18. Qh6 Qe6 19. b4 Nd3 20. cxd5 Bxd5 21. f3 Bc4 22. fxe4 Nb2 23. Rb1 Bxf1 24. Rxf1 Rac8 25. Bb3 Nc4 26. Rf3 Qxe4 27. h4 Rf5 28. Rg3 Bf8 29. Rxg6+ hxg6 30. Qxg6+ Bg7 31. Bxc4+ Rxc4 32. Bh6 Rc1+ 0-1

[Event "ITA-ch U20"]
[Site "Bratto"]
[Date "2006.08.25"]
[Round "7"]
[White "Rombaldoni, Brian"]
[Black "Bartoli, Fabio"]
[Result "1-0"]
[WhiteElo "1704"]
[BlackElo "1572"]
[PlyCount "89"]
[EventDate "2006.08.19"]
[EventType "swiss"]
[EventRounds "9"]
[EventCountry "ITA"]
[SourceTitle "CBM 113 Extra"]
[Source "ChessBase"]
[SourceDate "2006.09.14"]
[SourceVersion "1"]
[SourceVersionDate "2006.09.14"]
[SourceQuality "1"]

1. d4 d5 2. Nf3 Nf6 3. Bf4 Bf5 4. e3 e6 5. Bd3 Bg6 6. c3 Nbd7 7. 0-0 Be7 8. Bxg6 hxg6 9. Nbd2 Nh5 10. Qc2 Nxf4 11. exf4 c6 12. Rae1 Qc7 13. Ne5 Nxe5 14. fxe5 g5 15. f4 c5 16. Qa4+ Kd8 17. fxg5 Bxg5 18. Nf3 Bh4 19. g3 Be7 20. Kg2 Qc6 21. Qb3 a5 22. Qd1 Qb5 23. Rf2 Qe8 24. Ng1 Qg8 25. Qf3 Qh7 26. h3 Rf8 27. Qe2 c4 28. Ref1 Qg6 29. Rf3 b5 30. Qf2 Ke8 31. Ne2 Bg5 32. Kh2 Ra7 33. h4 Rh8 34. Ng1 Bd8 35. Nh3 Rf8 36. Nf4 Qh6 37. Nh3 g5 38. Qd2 Rh8 39. Rf6 Bxf6 40. Rxf6 Qh5 41. Nxg5 Rh6 42. Nxe6 fxe6 43. Qxh6 Qxh6 44. Rxh6 b4 45. Rh8+ 1-0

[Event "ITA-ch U20"]
[Site "Bratto"]
[Date "2006.08.22"]
[Round "4"]
[White "Rombaldoni, Brian"]
[Black "Bernardini, Luca"]
[Result "0-1"]
[WhiteElo "1704"]
[BlackElo "1826"]
[PlyCount "96"]
[EventDate "2006.08.19"]
[EventType "swiss"]
[EventRounds "9"]
[EventCountry "ITA"]
[SourceTitle "CBM 113 Extra"]
[Source "ChessBase"]
[SourceDate "2006.09.14"]
[SourceVersion "1"]
[SourceVersionDate "2006.09.14"]
[SourceQuality "1"]

1. d4 d5 2. Nf3 c6 3. Bf4 Nf6 4. Nbd2 Nbd7 5. c3 e6 6. e3 Be7 7. Bd3 Nh5 8. 0-0 g5 9. Be5 Nxe5 10. Nxe5 Ng7 11. f4 f6 12. Ng4 f5 13. Ne5 g4 14. h3 h5 15. Be2 Bf6 16. hxg4 hxg4 17. Bxg4 Bxe5 18. fxe5 Qh4 19. Bh3 Bd7 20. c4 0-0-0 21. cxd5 exd5 22. Rc1 Rdg8 23. Rf3 Ne6 24. Qe1 Qxe1+ 25. Rxe1 Ng5 26. Kf2 Nxf3 27. Kxf3 Kd8 28. a4 Ke7 29. a5 b6 30. b4 bxa5 31. bxa5 Rb8 32. Ra1 Rhf8 33. Nf1 Rb4 34. Rc1 f4 35. Bxd7 fxe3+ 36. Kxe3 Kxd7 37. g3 Ra4 38. Nd2 Rxa5 39. Rc3 Ra1 40. Nf3 Rf1 41. Ke2 Ra1 42. Kf2 a5 43. Kg2 a4 44. Rc5 Ra2+ 45. Kh3 Rxf3 46. Kg4 Rd3 47. Kf5 Rxg3 48. e6+ Kd6 0-1